000 00324nam a22001457a 4500
008 221011b ||||| |||| 00| 0 eng d
020 _a0870410520
041 _aeng
080 _210TH EDITION
_a579
082 _a579 JAW
100 _a17
101 _aMIKR
245 _aMEDICAL MICROBIOLOGY
_cJAWETZ E
942 _2udc
_cBK
999 _c58472
_d58472